National Commission for Scheduled Castes and Scheduled Tribes: special report, January 1998 (Record no. 508349)

000 -LEADER
fixed length control field 00629cam a22001697a 4500
008 - FIXED-LENGTH DATA ELEMENTS--GENERAL INFORMATION
fixed length control field 180718b1998 xxu||||| |||| 00| 0 eng d
082 ## - DEWEY DECIMAL CLASSIFICATION NUMBER
Classification number BA27x54 N213/1998(H)
100 ## - MAIN ENTRY--PERSONAL NAME
Personal name India. National Commission for Scheduled Castes and Scheduled Tribes
9 (RLIN) 3638
245 ## - TITLE STATEMENT
Title National Commission for Scheduled Castes and Scheduled Tribes: special report, January 1998
260 ## - PUBLICATION, DISTRIBUTION, ETC. (IMPRINT)
Place of publication, distribution, etc New Delhi
Name of publisher, distributor, etc Government of India Press
Date of publication, distribution, etc 1998
300 ## - PHYSICAL DESCRIPTION
Extent 54p.
500 ## - GENERAL NOTE
General note Chairman: H. Hanumanthappa
650 ## - SUBJECT ADDED ENTRY--TOPICAL TERM
Topical term or geographic name as entry element India - Scheduled tribes
9 (RLIN) 3639
650 ## - SUBJECT ADDED ENTRY--TOPICAL TERM
Topical term or geographic name as entry element Untouchables - India
9 (RLIN) 3640
700 ## - ADDED ENTRY--PERSONAL NAME
Personal name Hanumanthappa, H. (Chairman)
9 (RLIN) 3641
942 ## - ADDED ENTRY ELEMENTS (KOHA)
Source of classification or shelving scheme
Holdings
Withdrawn status Lost status Source of classification or shelving scheme Damaged status Koha normalized classification for sorting Not for loan Permanent location Current location Date acquired Full call number Barcode Date last seen Price effective from Koha item type
        BA_27X54_N213_1998H   Indian Institute of Public Administration Indian Institute of Public Administration 2019-03-20 BA27x54 N213/1998(H) GG33561 2019-03-20 2019-03-20 GG

Powered by Koha